[Event "It (open) \"]
[Site "masterchessopen.com – Berlin (Germany)"]
[Round "2"]
[White "Timoshenko Georgy (UKR)"]
[Black "Vogel Robert (GER)"]
[Result "1-0"]
[WhiteElo "2595"]
[BlackElo "2290"]

1.e4 c5 2.Nf3 Nc6 3.d4 cxd4 4.Nxd4 Nf6 5.Nc3 d6 6.Bg5 e6 7.Qd2 Be7 8.O-O-O O-O
9.f4 a6 10.Be2 Qc7 11.Bxf6 gxf6 12.Bf3 Bd7 13.Nde2 Rac8 14.Ng3 Kh8 15.Nh5 Rg8
16.Kb1 b5 17.g4 b4 18.Ne2 a5 19.h4 a4 20.g5 Na5 21.b3 Rg6 22.Rc1 Nc6 23.Rcd1
Na7 24.Qxb4 Qxc2+ 25.Ka1 axb3 26.Qxb3 Qxb3 27.axb3 Nb5 28.Kb2 fxg5 29.hxg5
Rgg8 30.Nf6 Bxf6+ 31.gxf6 Rc7 32.Rh2 Rgc8 33.Rdh1 Rc2+ 34.Kb1 {#r} 1-0

[Event "It (open)"]
[Site "masterchessopen.com – Biel (Switzerland)"]
[Round "6"]
[White "Bucher Denis (SUI)"]
[Black "Lederer Yoav (ISR)"]
[Result "0-1"]
[WhiteElo "2180"]
[BlackElo "2300"]

1.e4 c5 2.Nf3 Nc6 3.d4 cxd4 4.Nxd4 Nf6 5.Nc3 d6 6.Bg5 e6 7.Qd2 Be7 8.O-O-O O-O
9.f4 h6 10.Bh4 e5 11.Nf5 Bxf5 12.exf5 Rc8 13.g4 exf4 14.Kb1 Ne5 15.Qxf4 Rc6
16.Bb5 Rxc3 17.bxc3 g5 18.Bxg5 hxg5 19.Qxg5+ Kh8 20.Bd3 Nh7 21.Qh5 Qb6+ 22.Ka1
Bf6 23.g5 Nc4 {#R} 0-1

[Event "It (a)"]
[Site "masterchessopen.com – Bucharest (Romania)"]
[Round "0"]
[White "Iordachescu Viorel (MDA)"]
[Black "Vukovic Zdravko (MNE)"]
[Result "0-1"]
[WhiteElo "2515"]
[BlackElo "2425"]

1.e4 c5 2.Nf3 Nc6 3.d4 cxd4 4.Nxd4 Nf6 5.Nc3 d6 6.Bg5 e6 7.Qd2 Be7 8.O-O-O O-O
9.f4 h6 10.Bh4 Bd7 11.g3 Nxd4 12.Qxd4 Bc6 13.Bd3 Qa5 14.Rhf1 Rfd8 15.Qe3 d5
16.exd5 Bxd5 17.Kb1 Rac8 18.Nxd5 Nxd5 19.Qe4 Bxh4 20.gxh4 Qb6 21.Qh7+ Kf8
22.Rde1 Nf6 23.Qh8+ Ke7 24.Qxg7 Rxd3 25.f5 Rg8 26.Qxh6 Rd6 27.fxe6 Rg6
28.exf7+ Kxf7 29.Qh7+ Rg7 30.Qh5+ Kg8 31.Qf5 Qd4 32.Qc8+ Kh7 33.Qf5+ Kh8 34.a3
Rb6 35.b3 Rg2 36.Qf3 Qd2 37.Rc1 Qe2 38.Qc3 Rc6 39.Qb2 Kg7 40.Rg1 Rxg1 41.Rxg1+
Kf7 42.Rc1 Qe3 43.Rd1 Ne4 44.Rd7+ Ke8 45.Qg7 Nc3+ 46.Kb2 Na4+ {#R} 0-1

[Event "It (sheveningen)"]
[Site "masterchessopen.com – Cairo (Egypt)"]
[Round "10"]
[White "Goloshchapov Alexander (UKR)"]
[Black "El Gindy Essam (EGY)"]
[Result "1-0"]
[WhiteElo "2445"]
[BlackElo "2506"]

1.e4 c5 2.Nf3 d6 3.d4 cxd4 4.Nxd4 Nf6 5.Nc3 Nc6 6.Bg5 e6 7.Qd2 Be7 8.O-O-O O-O
9.f4 h6 10.Bh4 e5 11.Nf5 Bxf5 12.exf5 exf4 13.Kb1 Rc8 14.Qxf4 Qa5 15.Bc4 Qe5
16.Qf3 Nd4 17.Qd3 Nxf5 18.Rhe1 Qc5 19.Bb3 Nxh4 20.Rxe7 d5 21.Rxb7 Nxg2 22.Nxd5
Nxd5 23.Qxd5 Ne3 24.Qxc5 Rxc5 25.Rd3 Nc4 26.Rxa7 g5 27.a4 h5 28.Rd4 Ne5 29.Rd5
Rxd5 30.Bxd5 Rd8 31.c4 g4 32.a5 h4 33.Re7 Ng6 34.Re4 g3 35.hxg3 h3 36.Re2 Rd6
37.b4 Nf8 38.Kc2 Nd7 39.Kc3 Nf6 40.Kd4 Ng4 41.b5 h2 42.Re1 Nf2 43.a6 Nh3
44.Rh1 {#r} 1-0

[Event "It (open)"]
[Site "masterchessopen.com – Dortmund (Germany)"]
[Round "0"]
[White "Roehrich Stefan (GER)"]
[Black "Donner Bernd (GER)"]
[Result "1-0"]
[WhiteElo "2124"]
[BlackElo "2251"]

1.e4 c5 2.Nf3 Nc6 3.d4 cxd4 4.Nxd4 Nf6 5.Nc3 d6 6.Bg5 e6 7.Qd2 Be7 8.O-O-O O-O
9.f4 h6 10.Bh4 e5 11.Nf5 Bxf5 12.exf5 exf4 13.Kb1 d5 14.Bxf6 Bxf6 15.Nxd5 Be5
16.Bc4 b5 17.Bb3 a5 18.c3 a4 19.Bc2 f6 20.Qf2 Qb8 21.Qc5 Ra6 22.Bd3 Na7 23.Rd2
Qd6 24.Qxd6 Rxd6 25.Ne7+ Kh7 26.Ng6 Rfd8 27.Rhd1 a3 28.Nxe5 fxe5 29.f6+ Kh8
30.f7 Rf6 31.Bg6 Rxd2 32.Rxd2 axb2 33.Rd6 {#r} 1-0

[Event "Ch Hungary (team) 1997/98"]
[Site "masterchessopen.com – Hungary"]
[Round "0"]
[White "Paksa Rudolf (HUN)"]
[Black "Pergel Laszlo (HUN)"]
[Result "1-0"]
[WhiteElo "2100"]
[BlackElo "2245"]

1.e4 c5 2.Nf3 Nc6 3.d4 cxd4 4.Nxd4 Nf6 5.Nc3 d6 6.Bg5 e6 7.f4 Be7 8.Qd2 O-O
9.O-O-O a6 10.Be2 Bd7 11.Nf3 Ne8 12.e5 d5 13.Bxe7 Qxe7 14.Bd3 b5 15.Qe2 h6
16.Qe3 b4 17.Ne2 Nc7 18.Rhf1 Rfc8 19.Kb1 Nb5 20.g4 b3 21.axb3 Nb4 22.f5 Qc5
23.Qxc5 Rxc5 24.Nfd4 Nxd3 25.Rxd3 Nxd4 26.Nxd4 Bb5 27.Nxb5 axb5 28.Rf4 Rac8
29.c3 exf5 30.gxf5 d4 31.Rfxd4 Rxe5 32.Rd5 Rc5 33.Rxc5 Rxc5 34.Rf3 Re5 35.c4
Kf8 36.Kc2 Re2+ 37.Kc3 bxc4 38.bxc4 Rxh2 39.b4 Rh1 40.Kd4 h5 41.b5 h4 42.Kc5
h3 43.b6 h2 44.Rh3 Ke7 45.b7 Rb1 46.Kc6 h1=Q+ 47.Rxh1 Rxh1 48.b8=Q {#r} 1-0

[Event "Cup World (blindfold)"]
[Site "masterchessopen.com – Logrono (Spain)"]
[Round "5"]
[White "Krylov Sergey (RUS)"]
[Black "Dukaczewski Piotr (POL)"]
[Result "0-1"]
[WhiteElo "2325"]
[BlackElo "2225"]

1.e4 c5 2.Nf3 Nc6 3.d4 cxd4 4.Nxd4 Nf6 5.Nc3 d6 6.Bg5 e6 7.Qd2 Be7 8.O-O-O O-O
9.f4 h6 10.Bh4 e5 11.Nf5 Bxf5 12.exf5 exf4 13.Kb1 d5 14.Bxf6 Bxf6 15.Nxd5 Be5
16.Bc4 b5 17.Bb3 a5 18.a3 Qg5 19.g3 fxg3 20.Qxg5 hxg5 21.hxg3 Bxg3 22.Rh3 Bh4
23.Rc3 Ne5 24.Rc5 Nf3 25.Rxb5 Rfe8 26.Nc7 Rad8 27.Bd5 Re1 28.Rxe1 Nxe1 29.Rxa5
g4 30.Ra4 Bg3 31.Rxg4 Bxc7 32.c4 Kf8 33.Rh4 Nd3 34.b4 Nf4 35.Rh8+ Ke7 36.Rxd8
Bxd8 37.Be4 Kf6 38.a4 Ke5 39.Bb7 Nd3 40.a5 Nxb4 {#R} 0-1

[Event "Ch Slovakia (team) 1998/99 (1 liga) West"]
[Site "masterchessopen.com – Slovakia"]
[Round "4"]
[White "Rigo Zsolt (SVK)"]
[Black "Sulek Viliam (SVK)"]
[Result "1-0"]
[WhiteElo "2170"]
[BlackElo "2135"]

1.e4 c5 2.Nf3 Nc6 3.d4 cxd4 4.Nxd4 Nf6 5.Nc3 d6 6.Bg5 e6 7.Qd2 Be7 8.O-O-O O-O
9.f4 h6 10.Bh4 e5 11.Nf5 Bxf5 12.exf5 exf4 13.Kb1 d5 14.Bxf6 Bxf6 15.Nxd5 Bd4
16.Bc4 b5 17.Bb3 Be5 18.Rhe1 a5 19.a3 a4 20.Ba2 Rb8 21.Qf2 Kh8 22.Nb4 Bd4
23.Qxf4 Be5 24.Rxd8 Rfxd8 25.Qe4 Nxb4 26.axb4 f6 27.Qe2 a3 28.bxa3 Ra8 29.Qf3
Rac8 30.Rxe5 fxe5 31.f6 {#r} 1-0

[Event "Ch Slovenia (team) (w)"]
[Site "masterchessopen.com – Slovenia"]
[Round "0"]
[White "Medvegy Nora (HUN)"]
[Black "Licina Anita (SLO)"]
[Result "1-0"]
[WhiteElo "2325"]
[BlackElo "2175"]

1.e4 c5 2.Nf3 Nc6 3.d4 cxd4 4.Nxd4 Nf6 5.Nc3 d6 6.Bg5 e6 7.Qd2 Be7 8.O-O-O O-O
9.f4 h6 10.Bh4 e5 11.Nf5 Bxf5 12.exf5 exf4 13.Kb1 d5 14.Bxf6 Bxf6 15.Nxd5 Be5
16.c3 Qd6 17.Qc2 Rad8 18.Bc4 Qc5 19.Qe4 b5 20.Bb3 Rfe8 21.f6 a5 22.fxg7 a4
23.Bc2 Bxg7 24.Qh7+ Kf8 25.Nxf4 Qe5 26.Ng6+ fxg6 27.Rhf1+ Bf6 28.Qxh6+ {#r}
1-0

[Event "Memorial A.Petrov"]
[Site "masterchessopen.com – St. Petersburg (Russia)"]
[Round "1"]
[White "Karasev Vladimir I (RUS)"]
[Black "Aseev Konstantin N (RUS)"]
[Result "0-1"]
[WhiteElo "2375"]
[BlackElo "2525"]

1.e4 c5 2.Nf3 d6 3.d4 cxd4 4.Nxd4 Nf6 5.Nc3 Nc6 6.Bg5 e6 7.Qd2 Be7 8.O-O-O O-O
9.f4 h6 10.Bxf6 Bxf6 11.Nxc6 bxc6 12.Qxd6 Qb6 13.Qd2 Rb8 14.b3 Rd8 15.Qe1 Qb4
16.Rxd8+ Bxd8 17.Qd2 Be7 18.Bc4 Rb7 19.Nb1 Qb6 20.Rd1 Rd7 21.Qe1 Rxd1+ 22.Kxd1
Qd4+ 23.Kc1 Bc5 24.Qd2 Qg1+ 25.Kb2 Bd4+ 26.Nc3 c5 27.Ka3 Bb7 28.Nb5 Bxe4
29.Nxd4 Qxd4 30.Qxd4 cxd4 31.Bd3 Bxg2 32.Kb4 g5 33.fxg5 hxg5 34.Kc5 e5 35.Kd6
e4 36.Bc4 e3 37.Be2 g4 38.Bxg4 f5 39.Be2 f4 {#R} 0-1

[Event "Ch Finland (team) 1998/99"]
[Site "masterchessopen.com – Finland"]
[Round "8"]
[White "Nevanlinna Risto (FIN)"]
[Black "Tella Jussi (FIN)"]
[Result "0-1"]
[WhiteElo "2270"]
[BlackElo "2434"]

1.e4 c5 2.Nf3 Nc6 3.d4 cxd4 4.Nxd4 Nf6 5.Nc3 d6 6.Bg5 e6 7.Qd2 Be7 8.O-O-O O-O
9.f4 h6 10.Bh4 e5 11.Nf5 Bxf5 12.exf5 exf4 13.Qxf4 d5 14.Kb1 d4 15.Bxf6 Bxf6
16.Ne4 Be5 17.Qd2 Qd5 18.Bd3 a5 19.c4 dxc3 20.Nxc3 Qc5 21.Rc1 Rad8 22.Qe2 Rfe8
23.Ne4 Qb4 24.Rhd1 Kf8 25.a3 Qb6 26.g4 Bf6 27.Qf2 Bd4 28.Qg2 Ne5 29.Rc2 Qb3
30.Be2 Bxb2 31.Nc5 Rxd1+ 32.Bxd1 Qxa3 33.Ne6+ Rxe6 34.Rxb2 Re7 35.f6 gxf6
36.Qd2 Kg7 37.Bc2 Qxb2+ {#R} 0-1

[Event "NRW-liga (juniors) 1998/99"]
[Site "masterchessopen.com – NRW (Germany)"]
[Round "4"]
[White "Wegener Olaf (GER)"]
[Black "Markgraf Jonas (GER)"]
[Result "1-0"]
[WhiteElo "2313"]
[BlackElo "2094"]

1.e4 c5 2.Nf3 Nc6 3.d4 cxd4 4.Nxd4 Nf6 5.Nc3 d6 6.Bg5 e6 7.Qd2 Be7 8.O-O-O O-O
9.f4 e5 10.Nf3 exf4 11.Bxf4 Qa5 12.Bc4 a6 13.Rhe1 Bg4 14.Qf2 b5 15.Bb3 Ne5
16.h3 Bxf3 17.gxf3 Rfc8 18.Nd5 Nxd5 19.Rxd5 Nc4 20.Kb1 Qc7 21.Qg3 Bf8 22.Rc1
Rab8 23.Bxc4 bxc4 24.Bxd6 Bxd6 25.Qxd6 Qb7 26.b3 h6 27.Rg1 Rc6 28.Qe5 f6
29.Qd4 Qe7 30.Rd7 Qa3 31.Rgxg7+ Kh8 32.Rh7+ Kg8 33.Qd5+ Kf8 34.Qf7# 1-0

[Event "It (open)"]
[Site "masterchessopen.com – Rymarow (Poland)"]
[Round "0"]
[White "Tomes Zdenek (CZE)"]
[Black "Sharovatova Anastasia (RUS)"]
[Result "0-1"]
[WhiteElo "2041"]
[BlackElo "2250"]

1.e4 c5 2.Nf3 Nc6 3.d4 cxd4 4.Nxd4 Nf6 5.Nc3 d6 6.Bg5 e6 7.Qd2 Be7 8.O-O-O O-O
9.f4 h6 10.Bh4 e5 11.Nf5 Bxf5 12.exf5 exf4 13.Qxf4 d5 14.Bd3 d4 15.Ne4 Nd5
16.Bxe7 Ncxe7 17.Qe5 Nc6 18.Qg3 Ncb4 19.a3 Nxd3+ 20.Rxd3 Nf6 21.Re1 Re8 22.Qf4
Nxe4 23.Rxe4 Qd5 24.Rdxd4 Qa2 25.Rb4 Qa1+ 26.Kd2 Qg1 27.Rxe8+ Rxe8 28.Qf3 Qxh2
29.Rxb7 Qd6+ 30.Qd3 Qf4+ 31.Kd1 Qg4+ 32.Qf3 Qd4+ 33.Qd3 Qg1+ {#R} 0-1

[Event "It (open)"]
[Site "masterchessopen.com – Griesheim (Germany)"]
[Round "4"]
[White "Genkin Michael (GER)"]
[Black "Solomunovic Igor (GER)"]
[Result "0-1"]
[WhiteElo "2266"]
[BlackElo "2423"]

1.e4 c5 2.Nf3 d6 3.d4 cxd4 4.Nxd4 Nf6 5.Nc3 Nc6 6.Bg5 e6 7.Qd2 Be7 8.O-O-O O-O
9.f4 h6 10.Bh4 Bd7 11.Ndb5 Nxe4 12.Bxe7 Nxd2 13.Bxd8 Nxf1 14.Rhxf1 Rfxd8
15.Nxd6 Rab8 16.Rd3 Ne7 17.Rfd1 Bc6 18.g3 Kf8 19.Ndb5 Rxd3 20.Rxd3 a6 21.Nd4
Be8 22.Ne4 Nc6 23.Nc5 Ke7 24.Nxc6+ Bxc6 25.Rb3 a5 26.Nd3 f6 27.Rc3 Kd6 28.Kd2
g5 29.a3 e5 30.fxe5+ fxe5 31.Ke2 Rf8 32.Nf2 e4 33.Re3 Ke5 34.Ng4+ Kd4 35.c3+
Kc4 36.Ne5+ Kd5 37.Nxc6 bxc6 38.Ke1 a4 39.Re2 c5 40.Kd2 Rf3 41.Kc2 e3 42.b4
Ke4 43.bxc5 Rf2 44.Kd1 Kd3 45.c6 Rf1+ 46.Re1 e2+ {#R} 0-1

[Event "Ch Hungary (team) 2000/01"]
[Site "masterchessopen.com – Hungary"]
[Round "3"]
[White "Antal Sebestyen Jr (HUN)"]
[Black "Mietzner Tina (GER)"]
[Result "1-0"]
[WhiteElo "2272"]
[BlackElo "2134"]

1.e4 c5 2.Nf3 d6 3.d4 cxd4 4.Nxd4 Nf6 5.Nc3 Nc6 6.Bg5 e6 7.Qd2 Be7 8.O-O-O O-O
9.f4 h6 10.Bh4 e5 11.Nf5 Bxf5 12.exf5 exf4 13.Kb1 d5 14.Bxf6 Bxf6 15.Nxd5 Be5
16.Bc4 b5 17.Bb3 a5 18.a3 a4 19.Ba2 Qd6 20.Rhf1 Rfd8 21.Qe2 Qc5 22.c3 Rd6
23.Nxf4 Rxd1+ 24.Qxd1 Rd8 25.Qe2 Bf6 26.Bxf7+ Kh8 27.Nh5 Qd6 28.Nxf6 Qxf6
29.Be6 b4 30.cxb4 Nd4 31.Qe4 Re8 32.Re1 Nb3 33.Qe5 Qg5 34.Qb5 Rxe6 35.Qb8+ Kh7
36.fxe6 Qf5+ 37.Ka2 Qc2 {#r} 1-0

[Event "It (open)"]
[Site "masterchessopen.com – Lausanne (Switzerland)"]
[Round "1"]
[White "Fedorchuk Sergey A (UKR)"]
[Black "D'Costa Lorin (ENG)"]
[Result "1-0"]
[WhiteElo "2408"]
[BlackElo "2157"]

1.e4 c5 2.Nf3 d6 3.d4 cxd4 4.Nxd4 Nf6 5.Nc3 Nc6 6.Bg5 e6 7.Qd2 Be7 8.O-O-O O-O
9.f4 h6 10.Bxf6 Bxf6 11.Ndb5 Qa5 12.Kb1 Rd8 13.Nxd6 e5 14.Bc4 Be6 15.Bxe6 fxe6
16.f5 Be7 17.Ncb5 a6 18.Qxa5 Nxa5 19.Nc7 Rab8 20.b4 Nc6 21.Nc4 exf5 22.exf5
Bxb4 23.Ne6 Rxd1+ 24.Rxd1 b5 25.Ne3 Rb7 26.Kb2 Be7 27.Nd5 Bf8 28.g4 Kf7
29.Ndc7 Ra7 30.Rd7+ Be7 31.Kc3 a5 32.Kd3 g6 33.Ke4 gxf5+ 34.gxf5 Kf6 35.Nd5+
Kf7 36.Nd8+ Ke8 37.Nxc6 Rxd7 38.Ncxe7 Ra7 39.Kxe5 a4 40.f6 Kf7 41.Nc8 Ra6
42.Nd6+ Kf8 43.Nc7 Rc6 44.Ne6+ {#r} 1-0

[Event "Ch OWL"]
[Site "masterchessopen.com – Lippstadt (Germany)"]
[Round "1"]
[White "Wisniewski Peter (GER)"]
[Black "Wolf Norbert (GER)"]
[Result "1-0"]
[WhiteElo "2097"]
[BlackElo "2049"]

1.e4 c5 2.Nf3 Nc6 3.d4 cxd4 4.Nxd4 Nf6 5.Nc3 d6 6.Bg5 e6 7.Qd2 Be7 8.O-O-O O-O
9.f4 h6 10.Nxc6 bxc6 11.Bxf6 Bxf6 12.Qxd6 Qa5 13.e5 Bd8 14.Bc4 Ba6 15.Bxa6
Qxa6 16.Rd3 Bb6 17.Rhd1 Qc4 18.g3 Bc5 19.b3 Bxd6 20.bxc4 Ba3+ 21.Kd2 Rfb8
22.Rb1 Rxb1 23.Nxb1 Bc5 24.Nc3 Bb4 25.Ke2 Bxc3 26.Rxc3 Rb8 27.Rb3 Rd8 28.c3
Rd7 29.Rb8+ Kh7 30.Rc8 Rb7 31.Rxc6 Rb2+ 32.Kd3 Rxa2 33.c5 Rb2 34.Ra6 Rb7 35.c6
Rc7 36.Kc4 g5 37.Kc5 Kg6 38.Kd6 Rc8 39.Rxa7 gxf4 40.gxf4 h5 41.c7 Kf5 42.Ra4
Kg4 43.Kd7 Rh8 44.c8=Q Rxc8 45.Kxc8 h4 46.Kd7 Kh3 47.Ra2 Kg4 48.Rf2 {#r} 1-0

[Event "Ch Slovakia (team) 1999/00 (1 liga) East"]
[Site "masterchessopen.com – Slovakia"]
[Round "8"]
[White "Hagarova Zuzana (SVK)"]
[Black "Varga Peter (HUN)"]
[Result "0-1"]
[WhiteElo "2321"]
[BlackElo "2465"]

1.e4 c5 2.Nf3 d6 3.d4 cxd4 4.Nxd4 Nf6 5.Nc3 Nc6 6.Bg5 e6 7.Qd2 Be7 8.O-O-O O-O
9.f4 Qb6 10.Nf3 Rd8 11.Bd3 d5 12.exd5 Nb4 13.Qe2 Nbxd5 14.Nxd5 Rxd5 15.Bc4
Rxd1+ 16.Rxd1 h6 17.Bxf6 Bxf6 18.Ne5 a5 19.Bb5 a4 20.Be8 Kf8 21.Bb5 Qc7 22.Qh5
Bxe5 23.fxe5 Ra5 24.Qh4 f6 25.Qb4+ Kf7 26.exf6 gxf6 27.Bd3 Qc5 28.Qe4 f5
29.Qf4 Kg6 30.Be2 Qe5 31.Qf3 Kg7 32.Rd8 Rc5 33.Qh5 Qe3+ 34.Kb1 Qg1+ 35.Bd1 Rd5
36.Rxd5 exd5 37.Qe2 Kf6 38.h3 Be6 39.Kc1 d4 {#R} 0-1

[Event "It (open)"]
[Site "masterchessopen.com – Swidnica (Poland)"]
[Round "1"]
[White "Antoniewski Rafal (POL)"]
[Black "Lorenc Marian (POL)"]
[Result "1-0"]
[WhiteElo "2446"]
[BlackElo "2223"]

1.e4 c5 2.Nf3 d6 3.d4 cxd4 4.Nxd4 Nf6 5.Nc3 Nc6 6.Bg5 e6 7.Qd2 Be7 8.O-O-O O-O
9.f4 h6 10.Bh4 Nxe4 11.Bxe7 Nxd2 12.Bxd8 Nxf1 13.Nxc6 bxc6 14.Be7 Ne3 15.Bxf8
Nxd1 16.Rxd1 Kxf8 17.Rxd6 c5 18.g3 Ke7 19.Rc6 Bd7 20.Rxc5 f5 21.b4 g5 22.Ne2
Kd6 23.Kd2 gxf4 24.Nxf4 Rb8 25.a3 Rb5 26.Rc3 Rb8 27.Rd3+ Ke7 28.Ng6+ Ke8 29.c4
Ba4 30.Ne5 Rc8 31.Rd6 Ke7 32.Ra6 Be8 33.Rxa7+ Kf6 34.Ra5 h5 35.h4 Rd8+ 36.Ke3
Rd1 37.Nd3 Rg1 38.Kf2 Rd1 39.Nf4 Rc1 40.Ra6 Bf7 41.c5 Rc2+ 42.Ke3 Rc3+ 43.Kd4
Rxg3 44.Rxe6+ Kg7 45.Ra6 Rg4 46.Ke5 Rxh4 47.c6 Rh1 48.b5 Rc1 49.Ra8 h4 50.b6
{#r} 1-0

[Event "It (open)"]
[Site "masterchessopen.com – Tanta (Egypt)"]
[Round "4"]
[White "Sameeh Hany (EGY)"]
[Black "Elkadi Abdel Rahman (EGY)"]
[Result "1-0"]
[WhiteElo "2315"]
[BlackElo "2179"]

1.e4 c5 2.Nf3 d6 3.d4 cxd4 4.Nxd4 Nf6 5.Nc3 Nc6 6.Bg5 e6 7.Qd2 Be7 8.O-O-O O-O
9.f4 h6 10.Bh4 e5 11.Nf5 Bxf5 12.exf5 exf4 13.Qxf4 Qa5 14.Kb1 Rac8 15.Bc4 a6
16.Bb3 b5 17.Nd5 Nxd5 18.Rxd5 Bxh4 19.Qxh4 Qd8 20.Qg3 Ne5 21.Rhd1 Qf6 22.Rxd6
Rfd8 23.Rxd8+ Rxd8 24.Rxd8+ Qxd8 25.Qe1 Qd4 26.a3 Qf4 27.g4 Qxh2 28.Qe4 Qg1+
29.Ka2 Qc5 30.Qa8+ Qf8 31.Qxa6 Qe8 32.c4 bxc4 33.Bxc4 Nxg4 34.Qb5 Qc8 35.a4
Ne3 36.Bd3 h5 37.a5 h4 38.a6 Qc7 39.Qe8+ Kh7 40.Qxe3 Qa5+ 41.Kb1 Qd5 42.Qe4
{#r} 1-0

[Event "It (open)"]
[Site "masterchessopen.com – Veszprem (Hungary)"]
[Round "2"]
[White "Banszegi Attila (HUN)"]
[Black "Scerbin Dmitrij (RUS)"]
[Result "0-1"]
[WhiteElo "2127"]
[BlackElo "2405"]

1.e4 c5 2.Nf3 Nc6 3.d4 cxd4 4.Nxd4 Nf6 5.Nc3 d6 6.Bg5 e6 7.Qd2 Be7 8.f4 O-O
9.O-O-O h6 10.Nxc6 bxc6 11.Bxf6 Bxf6 12.e5 dxe5 13.Qxd8 Rxd8 14.Rxd8+ Bxd8
15.fxe5 Bc7 16.Be2 Bxe5 17.Na4 Bd7 18.Rd1 Be8 19.g3 Kf8 20.Nc5 Ke7 21.c4 Rd8
22.Nd3 Bd4 23.c5 e5 24.b4 a5 25.bxa5 Ra8 26.a6 Rxa6 27.Nxe5 Rxa2 28.Rxd4 Rxe2
29.Nf3 f6 30.Rd2 Rxd2 31.Kxd2 Ke6 32.Nd4+ Ke5 33.Kc3 Ke4 34.Nb3 Bf7 35.Na5 Bd5
36.Nb7 Kf3 37.Kb4 Kg2 38.Ka5 Kxh2 39.Kb6 Kxg3 40.Nd8 h5 41.Nxc6 h4 42.Ne7 Be6
43.c6 h3 44.Ng6 h2 45.Nf8 Bg4 {#R} 0-1

[Event "Cup Alfoeld (open)"]
[Site "masterchessopen.com – Hajduszoboszlo (Hungary)"]
[Round "4"]
[White "Utto Ferenc (HUN)"]
[Black "Veress Lajos (HUN)"]
[Result "1-0"]
[WhiteElo "2022"]
[BlackElo "2144"]

1.e4 c5 2.Nc3 Nc6 3.Nge2 d6 4.d4 cxd4 5.Nxd4 Nf6 6.Bg5 e6 7.Qd2 Be7 8.O-O-O
O-O 9.f4 h6 10.Bh4 e5 11.Nf3 exf4 12.g3 g5 13.Nxg5 hxg5 14.Bxg5 Nh7 15.Bxe7
Qxe7 16.gxf4 Qh4 17.Bc4 Be6 18.Nd5 Bxd5 19.Bxd5 Rad8 20.Qc3 Qxf4+ 21.Kb1 Qe5
22.Rhg1+ Kh8 23.Qh3 Ne7 24.Rd3 Nxd5 25.Qxh7+ {#r} 1-0

[Event "It \"]
[Site "masterchessopen.com – Darussalam (Brunei)"]
[Round "1"]
[White "Nguyen Thanh Son (VIE)"]
[Black "Ak Hirawan Mohd Omar (BRU)"]
[Result "1-0"]
[WhiteElo "2362"]
[BlackElo "2305"]

1.e4 c5 2.Nf3 Nc6 3.d4 cxd4 4.Nxd4 Nf6 5.Nc3 d6 6.Bg5 e6 7.Qd2 Be7 8.O-O-O O-O
9.f4 a6 10.Be2 Na5 11.Nf3 Ne8 12.Bxe7 Qxe7 13.e5 dxe5 14.fxe5 Nc6 15.Bd3 f6
16.exf6 Qxf6 17.Ng5 Ne5 18.Bxh7+ Kh8 19.Rhf1 Qxf1 20.Rxf1 Rxf1+ 21.Nd1 Bd7
22.Qe2 Bb5 23.Qxe5 Rd8 24.Bd3 Bxd3 25.cxd3 Rxd3 26.Kc2 Rfxd1 27.Qe2 R1d2+
28.Qxd2 Rxd2+ 29.Kxd2 Nc7 30.Kd3 Kg8 31.Kd4 Kf8 32.Kc5 Ke7 33.Kb6 Nd5+ 34.Kxb7
Kf6 35.h4 Ne3 36.g3 Nd5 37.Kxa6 Nb4+ 38.Ka5 Nxa2 39.b4 Nc3 40.b5 Nd5 41.b6 Kf5
{#r} 1-0

[Event "It (open) (b)"]
[Site "masterchessopen.com – Dortmund (Germany)"]
[Round "3"]
[White "Herud Martin (GER)"]
[Black "Mensching Wilfried (GER)"]
[Result "1-0"]
[WhiteElo "1998"]
[BlackElo "1885"]

1.e4 c5 2.Nf3 Nc6 3.d4 cxd4 4.Nxd4 Nf6 5.Nc3 d6 6.Bg5 e6 7.f4 Be7 8.Qd2 O-O
9.O-O-O a6 10.Kb1 Nxd4 11.Qxd4 Qa5 12.Bd3 b5 13.Bxf6 gxf6 14.e5 dxe5 15.Qe4 f5
16.Qxa8 e4 17.Bxb5 Bf6 18.Bc4 Bxc3 19.bxc3 Qb6+ 20.Bb3 Bb7 21.Rd6 Qxd6 22.Qxb7
Rb8 23.Qa7 Qxf4 24.Qxa6 Qd2 25.Qa7 Rd8 26.Rf1 e3 27.Rxf5 Qxc3 28.Qxf7+ Kh8
29.Qf6+ Qxf6 30.Rxf6 Rd6 31.Bc4 Kg7 32.Rf3 Rd1+ 33.Kb2 {#r} 1-0

[Event "It \"]
[Site "masterchessopen.com – Framingham (USA)"]
[Round "2"]
[White "Kiewra Keaton F (USA)"]
[Black "Fishbein Alexander (USA)"]
[Result "0-1"]
[WhiteElo "2368"]
[BlackElo "2500"]

1.e4 c5 2.Nf3 d6 3.d4 cxd4 4.Nxd4 Nf6 5.Nc3 Nc6 6.Bg5 e6 7.Qd2 Be7 8.O-O-O O-O
9.f4 h6 10.Bh4 e5 11.Bxf6 Bxf6 12.Nxc6 bxc6 13.Qxd6 Qb6 14.f5 Rd8 15.Qa3 Qe3+
16.Kb1 Rxd1+ 17.Nxd1 Qxe4 18.Qg3 Qd4 19.Be2 Bxf5 20.Rf1 Bg6 21.Nc3 Rb8 22.a3
Qd2 23.Bd1 Bg5 24.Ka2 Qc1 25.b4 Rd8 26.Kb3 Rxd1 27.Rxd1 Bxc2+ {#R} 0-1

[Event "It (open)"]
[Site "masterchessopen.com – Novosibirsk (Russia)"]
[Round "1"]
[White "Botvinkov Anton (RUS)"]
[Black "Grif Sergei (RUS)"]
[Result "1-0"]
[WhiteElo "2222"]
[BlackElo "2165"]

1.e4 c5 2.Nf3 d6 3.d4 cxd4 4.Nxd4 Nf6 5.Nc3 Nc6 6.Bg5 e6 7.Qd2 Be7 8.O-O-O O-O
9.f4 e5 10.Nf5 Bxf5 11.exf5 Rc8 12.Kb1 Nd4 13.Bd3 b5 14.Rhe1 b4 15.Ne2 Nd5
16.Bxe7 Nxe7 17.Nxd4 exd4 18.Qxb4 Nc6 19.Qa4 Qb6 20.Qb5 Qc7 21.f6 g6 22.Qg5
Qd8 23.Re7 Nxe7 24.fxe7 {#r} 1-0

[Event "Ch Sweden (team) 2000/01"]
[Site "masterchessopen.com – Sweden"]
[Round "11"]
[White "Hermansson Emil (SWE)"]
[Black "Ivanov Sergey_ (RUS)"]
[Result "0-1"]
[WhiteElo "2419"]
[BlackElo "2556"]

1.e4 c5 2.Nf3 Nc6 3.d4 cxd4 4.Nxd4 Nf6 5.Nc3 d6 6.Bg5 e6 7.Qd2 Be7 8.O-O-O O-O
9.f4 h6 10.Bh4 Bd7 11.Nf3 Qa5 12.e5 dxe5 13.fxe5 Nxe5 14.Nxe5 Qxe5 15.Bxf6
Bxf6 16.Qxd7 Rad8 17.Qb5 Qe3+ 18.Kb1 Bxc3 19.Bd3 Bf6 20.c3 Rd5 21.Qc4 Rfd8
22.Rhe1 Qb6 23.Kc2 Qd6 24.h3 Qg3 25.Be4 Rxd1 {#R} 0-1

[Event "Memorial P.Keres (open)"]
[Site "masterchessopen.com – Tallinn (Estonia)"]
[Round "4"]
[White "Karjakin Sergey (UKR)"]
[Black "Metsalu Tauno (EST)"]
[Result "1-0"]
[WhiteElo "2388"]
[BlackElo "2155"]

1.e4 c5 2.Nf3 Nc6 3.d4 cxd4 4.Nxd4 Nf6 5.Nc3 d6 6.Bg5 e6 7.Qd2 Be7 8.O-O-O O-O
9.f4 Bd7 10.Ndb5 e5 11.Nxd6 exf4 12.Bxf4 Bg4 13.Be2 Qb6 14.e5 Bxe2 15.Qxe2 Ne8
16.Nd5 Qa5 17.Kb1 Bxd6 18.exd6 Rd8 19.Qg4 f5 20.Qg3 Qc5 21.Rhe1 Nd4 22.Ne7+
Kh8 23.Qd3 Nb5 24.Qh3 Rf7 25.Rd3 Nexd6 26.Qxh7+ {#r} 1-0

[Event "It (open)"]
[Site "masterchessopen.com – Bad Wiessee (Germany)"]
[Date "2001.11.04"]
[Round "9"]
[White "Handke Florian (GER)"]
[Black "Lerner Konstantin Z (UKR)"]
[Result "0-1"]
[WhiteElo "2407"]
[BlackElo "2567"]

1.e4 c5 2.Nf3 d6 3.d4 cxd4 4.Nxd4 Nf6 5.Nc3 Nc6 6.Bg5 e6 7.Qd2 Be7 8.O-O-O O-O
9.f4 h6 10.h4 Nxd4 11.Qxd4 hxg5 12.hxg5 Ng4 13.Be2 e5 14.Qg1 exf4 15.Bxg4 Bxg5
16.Bf3 Re8 17.Rh5 g6 18.Rh1 Bf6 19.Nd5 Bg7 20.Qh2 Be6 21.Qxf4 Rc8 22.Kb1 Bxd5
23.Rxd5 Qb6 24.Qc1 Rc4 25.Rd2 Rec8 26.e5 Bxe5 27.Bd5 Rd4 28.Bb3 Rxd2 29.Qxd2
Qd4 30.Qc1 Rc7 31.Ka1 a5 32.c3 Qf4 33.Qd1 Kg7 34.Rf1 Qe4 35.Bd5 Qe3 36.Rf3 Qc5
37.a3 b5 38.Qb3 Bf6 39.g4 b4 40.g5 Qg1+ 41.Ka2 Qxg5 42.cxb4 a4 43.Qd3 Rc1
44.Bc4 Qe5 45.Rxf6 Qxf6 46.b5 Qf2 47.Qd5 Rc2 {#R} 0-1